Portugalština : souhrn gramatiky /

Hlavní autor: Jindrová, Jaroslava, 1955-
Jazyk: Portugalština
Čeština
Vydáno: Pha [i.e. Praha] : Holman, 2009
Vydání: 1. vyd.
Témata:
Fyzický popis: 18 s. ; 23 x 11 cm
Knihy
Uloženo v:
LEADER 01211nam a2200385 a 4500
001 nkc20092008096
003 CZ PrNK
005 20100324100733.0
007 ta
008 100301s2009 xr g 000 0 cze
015 |a cnb002008096 
020 |a 978-80-7426-008-7  |q (skládanka) 
035 |a (OCoLC)607523503 
040 |a ABA001  |b cze  |d BOA001 
041 0 |a cze  |a por 
072 7 |a 811.134  |x Iberorománské jazyky  |2 Konspekt  |9 11 
080 |a 811.134.3  |2 MRF 
080 |a 81'36  |2 MRF 
080 |a (048.8)  |2 MRF 
100 1 |a Jindrová, Jaroslava,  |d 1955-  |7 jo20000082910  |4 aut 
245 1 0 |a Portugalština :  |b souhrn gramatiky /  |c [autorka Jaroslava Jindrová] 
250 |a 1. vyd. 
260 |a Pha [i.e. Praha] :  |b Holman,  |c 2009 
300 |a 18 s. ;  |c 23 x 11 cm 
650 0 7 |a portugalština  |7 ph124382  |2 czenas 
650 0 7 |a mluvnice  |7 ph115331  |2 czenas 
650 0 9 |a Portuguese language  |2 eczenas 
650 0 9 |a grammar  |2 eczenas 
655 7 |a přehledy  |7 fd133202  |2 czenas 
655 9 |a surveys  |2 eczenas 
910 2 |a BOA001  |b 2-1237.372 
990 |a BK 
995 |a 01 
991 |b 201003  |c NOV 
996 6 |b 2610412942  |c 2-1237.372  |l MZK  |r Sklad / do 1 hodiny  |n 2  |p p.v.  |w 001110710  |u 000010  |a 1  |e BOA001  |j MZK50  |s P